000 01036nam a2200277Ia 4500
003 OSt
005 20221005110110.0
006 a|||||r|||| 00| 0
007 ta
008 221004b |||||||| |||| 00| 0 hin d
020 _a9788172016630 (hbk)
_cINR 550.00
024 _a36612
037 _bBW/1664, 14/03/2018, Bookwell
_cTextual
040 _aCRL
_cCRL
_bhin
041 _2hin
_ahin
082 _aO152,3M80x, N4;Q7
100 _aवर्मा, निर्मल, संपा.
245 0 _aप्रेमचन्द रचना संचयन
246 _aPremachanda rachanā sanchayana
260 _aनई दिल्ली
_bसाहित्य अकादेमी भारत
_c2017
300 _a1051पृ0
_ccm.
650 _a हिन्दी साहित्य
650 _aहिन्दी कहानी
942 _hO152,3M80x, N4;Q7
_cTEXL
_2cc
999 _c1017792
_d1017792